| 000 | 00784nas a2200241 4500 | ||
|---|---|---|---|
| 001 | BR9500422 | ||
| 003 | BR-BrBNA | ||
| 005 | 20231205093825.0 | ||
| 007 | ta | ||
| 008 | 230509b bl.|||p| |||| 00| 00por d | ||
| 040 |
_aBR-BrBNA _bpor _cBiblioteca Nacional de Agricultura |
||
| 041 | _a(Pt) | ||
| 072 | _aE16; E50; E10 | ||
| 100 | 1 | _aSantana, A.C. de | |
| 245 | 1 | _aAnalise economica da producao agricola sob condicoes de risco numa comunidade amazonica | |
| 650 | _aComunidade Rural | ||
| 650 | _aProdutor Rural | ||
| 650 | _aFator de Producao | ||
| 650 | _aModelo Matematico | ||
| 773 | 0 |
_tRevista de Economia e Sociologia Rural (Brazil) _xISSN 0103-2003 _g(Apr-Jun 1992), v. 30(2) p. 159-170 _wBR9500422 |
|
| 909 |
_a202311 _bLúcia _c55 _dLúcia Elande |
||
| 942 |
_2AGRIS _n0 _cANA |
||
| 999 |
_c140581 _d140581 |
||